000 00437nam a22001817a 4500
003 MPLRDC
005 20220104114343.0
008 210129b ||||| |||| 00| 0 eng d
020 _a962-447-085-5
082 _a857.623 YG-4 v.8 c.2
100 _a余过
245 _a追魂劫
_c
260 _a
_b勤加缘出版社
_c1992
300 _b
490 _a奇幻系列. 8
650 _a灵异小说
942 _cBK
_o857.623 YG-4 v.8 c.2
999 _c6819
_d6809